| 000 | 00657nam a2200229 a 4500 | ||
|---|---|---|---|
| 005 | 20210219153419.0 | ||
| 008 | 991125n 000 0 u | ||
| 035 | _aUPN01000097766 | ||
| 100 | _aDunn, John A., Jr. | ||
| 222 | _aNEW DIRECTIONS FOR INSTITUTIONAL RESEARCH | ||
| 245 | _aRetrench or else : public and private institutional responses | ||
| 300 | _a5-22 | ||
| 362 | _aNo. 75, 1992 | ||
| 505 | _aMayo 1993 | ||
| 653 | 0 | _aADMINISTRACION DE COLEGIOS | |
| 653 | 0 | _aINVESTIGACION INSTITUCIONAL | |
| 653 | 0 | _aPOLITICA ADMINISTRATIVA | |
| 653 | 0 | _aPRACTICAS DEL EMPLEO | |
| 653 | 0 | _aREDUCCION | |
| 904 |
_aAC _b035577 |
||
| 905 | _aArticulo | ||
| 999 |
_c76299 _d76299 |
||